000 00293nam a22001337a 4500
008 170801b xxu||||| |||| 00| 0 eng d
020 _a2900763732393
041 _aeng
080 _23RD
_a004
100 _a32
101 _aSHK
245 _aCOMPUTER SYSTEMS
_cWARFORD,J.S
942 _2udc
_cBK
999 _c22406
_d22406